000 00885cam a22002171 4500
001 af 48002808
003 DLC
005 20260227110857.0
008 920406s1944 gw 000 0 ger c
010 _aaf 48002808
035 _a(OCoLC)25594917
040 _aYale Univ. Library
_cTxU
_dTxU
_dDLC
042 _apremarc
050 0 0 _aPT1825.A11
_bW5
100 1 _aBrentano, Clemens,
_d1778-1842.
245 1 4 _aDie mehreren Wehmüller;
_bfröhliche und traurige Geschichten.
_cAusgewählt, bearb. und mit einem Nachwort versehen von Aloys Christof Wilsmann.
260 _aNürnberg,
_bWillmy-Verlag
_c[1944]
300 _a327 p.
_c18 cm.
505 0 _aDie mehreren Wehmüller.--Die Geschichte der Unglücklichen.--Der Herr von Hüpfenstich.--Geschichte vom braven Kasperl und dem schönen Annerl.--Gockel, Hinkel, Gackeleia.--Die drei Nüsse.
700 1 _aWilsmann, Aloys Christof,
_eed.
999 _c5228
_d5228